000 00587nam a2200193 i 4500
001 88592
003 ES-MaACL
005 20230906175904.0
007 t|
008 050105s1965 sp ||||1| spa d
100 1 _aLane, Frank W.
_969986
245 1 0 _aDesfile de la naturaleza /
_cFrank W. Lane ; [traducción de Martín Ezcurdia].
250 _a[1ª ed.].
260 _aBarcelona, etc. :
_bPlaza & Janés,
_c[1965]
300 _a292 p., 13 lám. ;
_c22 cm.
700 1 _aEzcurdia, Martín.
_948460
852 _aES-MaACL
_jC-27202
_bR.56154
852 _aES-MaACL
_jC-26996
_bR.56012
999 _c88592
_d88592